000 00831cam a2200289 4500500
005 20260405003558.0
041 _afre
042 _adc
100 1 0 _aEnjalbert, Cédric
_eauthor
245 0 0 _aYannick Haenel : “L’objet de la dépense est l’intensité, pas l’autodestruction”
260 _c2022.
500 _a14
690 _aCapitalisme
690 _aDépense
690 _aDon
690 _aExcès
690 _aGeorges Bataille
690 _aGratuité
690 _aIvresse
690 _aMystique
690 _aroman
690 _aSexe
690 _aSobriété
690 _aYannick Haenel
786 0 _nPhilosophie magazine | 163 | 10 | 2022-10-01 | p. 36-37 | 1951-1787
856 4 1 _uhttps://shs.cairn.info/magazine-philosophie-magazine-2022-10-page-36?lang=fr&redirect-ssocas=7080
999 _c2068922
_d2068922